000 01854nam1a2200325 i 4500
001 RU\NLR\BIBL_A\011459375
005 20260408083720.0
035 _a(RuMoRGB)008932773
035 _a(NLR Aleph) 011459375
090 _a11794458
_c11794458
100 _a20170728g20179999km y0rusy50 ba
101 0 _aeng
_aspa
_afre
_ager
102 _aRU
105 _a||||z |||||
200 1 _aRussian economy: goals, challenges, and achievments
_eсборник научных статей студентов бакалавриата и магистратуры
_fФедеральное государственное образовательное учреждение высшего образования "Финансовый университет при Правительстве Российской Федерации"
_g[отв. ред.: проф. М. В. Мельничук, доц. А. С. Комаров]
210 _aМосква
_cНаучные технологии
_d2017
215 _d20
541 1 _aРоссийская экономика: цели, задачи и достижения
606 _aЭкономика
_jСъезды, совещания и т.п
_91414491
_3RU\NLR\AUTH\66284709
607 _aРоссийская Федерация
_jСъезды, совещания и т.п
_xНародное хозяйство
_92106777
_3RU\NLR\AUTH\661273591
686 1 _aУ.я431
686 1 _aУ03(2Р)74я431
702 1 _aMel'ničuk
_bM. V.
_gMarina Vladimirovna
_4340
712 0 2 _4570
_aФинансовый университет при Правительстве Российской Федерации
_cМосква
_3RU\NLR\AUTH\8810171129
_9838093
852 _aNLR
_jИк 2017-3/462
942 _cBOOK